000 00258nam a22000977a 4500
041 _aENG
245 _aReport Of The Task Force on Application Of Agricural Biotechnology
260 _aDelhi
_bICAR
_c1998
650 _aCompetitive (47)
856 _uCompetitive (47)
999 _c3073
_d3073